Discrete mathematics

Đã lưu trong:
書目詳細資料
主要作者: Johnsonbaugh, Richard
格式: 圖書
語言:Undetermined
出版: New Jersey Pearson Prentice Hall 2005
主題:
標簽: 添加標簽
沒有標簽, 成為第一個標記此記錄!
Thư viện lưu trữ: Trung tâm Học liệu Trường Đại học Cần Thơ
LEADER 00546nam a2200193Ia 4500
001 CTU_74398
008 210402s9999 xx 000 0 und d
020 |c 316000 
082 |a 512.02 
082 |b J66 
100 |a Johnsonbaugh, Richard 
245 0 |a Discrete mathematics 
245 0 |c Richard Johnsonbaugh 
260 |a New Jersey 
260 |b Pearson Prentice Hall 
260 |c 2005 
650 |a Combinatorial analysis,Logic, symbolic and mathematical 
904 |i Tuyến 
980 |a Trung tâm Học liệu Trường Đại học Cần Thơ